Real or Fake US Presidents - Statistics

General Stats
  • This quiz has been taken 69 times
  • The average score is 13 of 15
Answer Stats
Question Answer % Correct
James David Fake
95%
Matthew Lincoln Fake
94%
Gerald Ford Real
94%
Woodrow Wilson Real
94%
James Garfield Real
91%
Stuart McCain Fake
89%
Andrew Johnson Real
89%
Rutherford Hayes Real
89%
Boris Taft Fake
83%
Zachary Taylor Real
83%
Thomas Franklin Fake
82%
Millard Fillmore Real
77%
Henry Clay Fake
76%
John Harrison Fake
73%
Chester Arthur Real
71%
No matching quizzes found
Score Distribution
Percent of People with Each Score
Percentile by Number Answered
Your Score History
You have not taken this quiz